000 00765nac a22002051u 4500
008 120109t xxu||||| |||| 00| 0 eng d
020 _a9780521832045
082 _a302.13
_bCAM
100 _aCampbell, Donald E.
_928289
245 _aIncentives :
_b motivation and the economics of information /
_c Donald E. Campbell
250 _a2nd ed.
260 _aCambridge :
_b Cambridge University Press,2006
_c 2006.
300 _axii, 591 p. :
_b ill. ;
_c 26 cm.
500 _adistributer: Al-Ahram
504 _aIncludes bibliographical references (p. 561-577) and indexes
511 _acatalogued by: wessam
650 _aSocial choice
_x Mathematical models.
_928290
942 _cBB
_k302.13 CAM
_2ddc
999 _c6592
_d6592